000 003220000a22001090004500
090 _aAR
_b04778
100 1 _aSmith, Alan P.
_998937
245 1 0 _aBud temperature in relation to nyctinastic leaf movement in an Andean giant rosette plant
041 0 _aInglés
942 _cARTICULO
773 1 _tBiotropica
_h4
_q263-266
_d1974
_g6
999 _c13878
_d13878